| 000 | 00717 a2200241 4500 | ||
|---|---|---|---|
| 003 | Nust | ||
| 005 | 20170207153250.0 | ||
| 010 | _a 98050398 | ||
| 020 | _a0137549202 | ||
| 035 | _a(DLC) 98050398 | ||
| 040 | _cNust | ||
| 082 | 0 | 0 | _a621.3822 |
| 100 | 1 | _aOppenheim, Alan V., | |
| 245 | 1 | 0 |
_aDiscrete-time signal processing / _cAlan V. Oppenheim, Ronald W. Schafer, with John R. Buck. |
| 250 | _a2nd ed. | ||
| 260 |
_aUpper Saddle River, N.J. : _bPrentice Hall, _cc1999. |
||
| 300 |
_axxvi, 870 p. : _bill. ; _c25 cm. |
||
| 538 | _aAlmirah No.31and Shelf No.6 | ||
| 650 | 0 | _aDiscrete-time systems. | |
| 650 | 0 |
_aSignal processing _xMathematics. |
|
| 700 | 1 | _aBuck, John R. | |
| 700 | 1 |
_aSchafer, Ronald W., _d1938- |
|
| 942 |
_2ddc _cBK |
||
| 999 |
_c182796 _d182796 |
||